Most abundant elements in the human body - Statistics

General Stats
  • This quiz has been taken 57 times
  • The average score is 7 of 10
Answer Stats
Hint Answer % Correct
61% oxygen
100%
10% hydrogen
96%
23% carbon
92%
2.6% nitrogen
80%
1.4% calcium
72%
0.2% potassium
66%
0.14% sodium
56%
0.2% sulfur
46%
1.1% phosphorus
42%
0.12% chlorine
32%
No matching quizzes found
Score Distribution
Percent of People with Each Score
Percentile by Number Answered
Your Score History
You have not taken this quiz